[Event "HUN-ch U10"]
[Site "Balatonlelle"]
[Date "2019.06.23"]
[Round "3"]
[White "Gencsi, David Sandor"]
[Black "Kovacs, Kristof"]
[Result "0-1"]
[WhiteElo "1038"]
[BlackElo "1435"]
[PlyCount "138"]
[EventDate "2019.06.21"]
[EventType "swiss"]
[EventRounds "9"]
[EventCountry "HUN"]
[SourceTitle "CBM 191 Extra"]
[Source "ChessBase"]
[SourceDate "2019.09.30"]
[SourceVersion "1"]
[SourceVersionDate "2019.09.30"]
[SourceQuality "1"]

1. e4 e5 2. Nf3 Nc6 3. Nc3 Nf6 4. Bb5 d6 5. d4 exd4 6. Nxd4 Bd7 7. Bg5 Be7 8. 0-0 0-0 9. Bxc6 bxc6 10. f4 Ng4 11. Qf3 Bxg5 12. fxg5 Qxg5 13. h3 Ne3 14. Rf2 Nc4 15. b3 Ne5 16. Qf4 Qg6 17. Nf5 Bxf5 18. Qxf5 Qxf5 19. Rxf5 g6 20. Rf4 Kg7 21. Kf2 f6 22. Ke2 Rf7 23. Raf1 Raf8 24. g4 Rh8 25. h4 h5 26. g5 fxg5 27. hxg5 Rxf4 28. Rxf4 Rf8 29. Rxf8 Kxf8 30. Kf2 Ke7 31. Kg3 Ke6 32. Kf4 Nd7 33. a4 a5 34. Na2 c5 35. c3 Nb6 36. b4 axb4 37. cxb4 Nxa4 38. bxc5 Nxc5 39. Nc3 Nd3+ 40. Ke3 Nc5 41. Nd5 c6 42. Nf6 Ke5 43. Nh7 Nxe4 44. Kf3 Kf5 45. Nf8 Nxg5+ 46. Kg3 c5 47. Nd7 c4 48. Nb6 c3 49. Nc4 Ne4+ 50. Kg2 Kf4 51. Na3 d5 52. Nc2 g5 53. Kf1 h4 54. Kg1 g4 55. Kh2 g3+ 56. Kg2 Kg4 57. Ne3+ Kg5 58. Nc2 Kf5 59. Ne3+ Ke5 60. Nc2 d4 61. Ne1 Kf4 62. Nd3+ Ke3 63. Nc1 d3 64. Nb3 c2 65. Nc5 c1Q 66. Nxd3 Kxd3 67. Kh3 g2 68. Kxh4 g1Q 69. Kh3 Qh6# 0-1